18 questions au president du gosplan de l'U.R.S.S. sur le developpement de l'economie sovietique
Bewaard in:
| Formaat: | Boek |
|---|---|
| Taal: | Undetermined |
| Gepubliceerd in: |
Moscou
Editions de L'Agence de Presse Novosti
|
| Onderwerpen: | |
| Tags: |
Voeg label toe
Geen labels, Wees de eerste die dit record labelt!
|
| Thư viện lưu trữ: | Trung tâm Học liệu Trường Đại học Cần Thơ |
|---|
| LEADER | 00479nam a2200145Ia 4500 | ||
|---|---|---|---|
| 001 | CTU_84925 | ||
| 008 | 210402s9999 xx 000 0 und d | ||
| 082 | |a 330.9 | ||
| 082 | |b E34 | ||
| 245 | 0 | |a 18 questions au president du gosplan de l'U.R.S.S. sur le developpement de l'economie sovietique | |
| 260 | |a Moscou | ||
| 260 | |b Editions de L'Agence de Presse Novosti | ||
| 650 | |a U.S.S.R. | ||
| 650 | |x economic development | ||
| 980 | |a Trung tâm Học liệu Trường Đại học Cần Thơ | ||